000 00362nam a2200133Ia 4500
008 240719s9999 xx 000 0 und d
041 _aeng
082 _a299.936 HAB
100 _aHabard, Ron L.
245 _aDianetics Ek Science Ka Vikas
260 _aNew Dehli
_bDenmark:New Era Publications
_c2009
300 _a195.; P. 22 cm
520 _aGifted By : New era
999 _c41444
_d41444